|
|
|
|
| LEADER |
00000nam2a2200000 4500 |
| 001 |
274896 |
| 005 |
20231101234755.0 |
| 035 |
|
|
|a (RuTPU)RU\TPU\book\298125
|
| 090 |
|
|
|a 274896
|
| 100 |
|
|
|a 20141110d1985 k y0rusy50 ca
|
| 101 |
0 |
|
|a rus
|
| 102 |
|
|
|a EE
|
| 105 |
|
|
|a a z 001zy
|
| 200 |
0 |
|
|a Вып. 3
|f под ред. Л. И. Волгина
|
| 210 |
|
|
|d 1985
|
| 215 |
|
|
|a 164 с.
|c ил.
|
| 320 |
|
|
|a Библиография в конце статей
|
| 461 |
|
1 |
|0 (RuTPU)RU\TPU\book\112444
|t Опыт, результаты, проблемы: повышение конкурентоспособности радиоэлектронной аппаратуры
|o сборник статей
|f Таллинское производственное объединение радиоэлектронной техники
|v Вып. 3
|d 1983-1986
|
| 606 |
1 |
|
|a Радиоэлектронная аппаратура
|x Качество
|2 stltpush
|3 (RuTPU)RU\TPU\subj\23405
|9 48010
|
| 610 |
1 |
|
|a конкурентоспособность
|
| 610 |
1 |
|
|a ремонтопригодность
|
| 610 |
1 |
|
|a точность
|
| 610 |
1 |
|
|a повышение
|
| 610 |
1 |
|
|a структурные методы
|
| 610 |
1 |
|
|a аппаратурная избыточность
|
| 610 |
1 |
|
|a усилительные устройства
|
| 610 |
1 |
|
|a погрешности
|
| 610 |
1 |
|
|a прецизионные измерительные преобразователи
|
| 610 |
1 |
|
|a проектирование
|
| 610 |
1 |
|
|a анализ
|
| 610 |
1 |
|
|a акустические системы
|
| 610 |
1 |
|
|a динамические головки
|
| 610 |
1 |
|
|a конструкции
|
| 610 |
1 |
|
|a звуковоспроизведение
|
| 675 |
|
|
|a 621.396.6.002:658
|v 3
|
| 702 |
|
1 |
|a Волгин
|b Л. И.
|4 340
|
| 801 |
|
1 |
|a RU
|b 63413507
|c 20141110
|
| 801 |
|
2 |
|a RU
|b 63413507
|c 20170124
|g RCR
|
| 942 |
|
|
|c BK
|